|
|
|
|
| LEADER |
00000nab a2200000 a 4500 |
| 001 |
vtls000386095 |
| 003 |
SK-MaSNL |
| 005 |
20260303182043.0 |
| 008 |
230313c1990 xo 0 slo |
| 015 |
|
|
|a SNBRB19rr/mm-uuuuu
|
| 035 |
|
|
|a CL0386218
|
| 035 |
|
|
|a urn:nbn:sk:snk-abbkoo
|
| 035 |
|
|
|a (urnnbn)urn:nbn:sk:snk:ar-0047gi
|
| 035 |
|
|
|a (uuid)a4d8a263-56d6-4caa-b761-cb1a0dce77d2
|
| 040 |
|
|
|a SNKBUCL
|b slo
|c SNKBUCL
|e AACR2
|
| 041 |
0 |
|
|a slo
|
| 044 |
|
|
|a xo
|c SK
|
| 080 |
|
|
|a 82.0:82-1/-9
|2 1981
|
| 080 |
|
|
|a 82-1/-9
|2 1981
|
| 080 |
|
|
|a 82.09
|2 1981
|
| 080 |
|
|
|a 885.0 (44)-3
|2 1981
|
| 080 |
|
|
|a 885.0 (44)-3.09
|2 1981
|
| 100 |
1 |
|
|a Kundera, Milan,
|d 1929-2023
|4 aut
|9 208651
|
| 245 |
1 |
0 |
|a Milan Kundera
|c Milan Kundera, Christian Salmon ; Ján Voderadský
|
| 300 |
|
|
|b Fot. 1.
|
| 500 |
|
|
|a V rubrike Zo zákulisia.
|
| 600 |
1 |
7 |
|a Kundera, Milan,
|d 1929-2023
|2 snkbucl
|9 208651
|
| 650 |
0 |
7 |
|a literárne žánre
|2 snkbucl
|9 58545
|
| 650 |
0 |
7 |
|a román
|2 snkbucl
|9 1442
|
| 655 |
|
7 |
|a články z novín a časopisov
|2 snkbucl
|9 267496
|
| 655 |
|
7 |
|a články z odboru literárna veda a krásna literatúra
|2 snkbucl
|9 770045
|
| 700 |
1 |
|
|a Voderadský, Ján,
|d 1950-
|4 trl
|9 37442
|
| 700 |
1 |
|
|a Salmon, Christian
|4 aut
|9 1209301
|
| 773 |
0 |
|
|t Revue svetovej literatúry
|g Roč. 26, č. 4 (1990), s. 157-164
|
| 850 |
|
|
|a Slovenská národná knižnica v Martine
|a MTA001
|
| 852 |
|
|
|a SNK
|b KIS3GCP
|
| 958 |
|
|
|a RK
|
| 958 |
|
|
|a CZ
|
| 958 |
|
|
|a LX
|
| 958 |
|
|
|a OND
|
| 958 |
|
|
|a EUIPO
|
| 958 |
|
|
|a article15
|
| 999 |
|
|
|c 2115513
|d 2117443
|